<?xml version="1.0" encoding="UTF-8"?>
<record
    xmlns:xsi="http://www.w3.org/2001/XMLSchema-instance"
    xsi:schemaLocation="http://www.loc.gov/MARC21/slim http://www.loc.gov/standards/marcxml/schema/MARC21slim.xsd"
    xmlns="http://www.loc.gov/MARC21/slim">

  <leader>03838nam a2200325 i 4500</leader>
  <controlfield tag="001">000046285</controlfield>
  <controlfield tag="003">DO-SdBNP</controlfield>
  <controlfield tag="005">20240312202752.0</controlfield>
  <controlfield tag="007">ta</controlfield>
  <controlfield tag="008">110303s2022    dr            000 0 spa d</controlfield>
  <datafield tag="020" ind1=" " ind2=" ">
    <subfield code="a">9789945250510</subfield>
  </datafield>
  <datafield tag="040" ind1=" " ind2=" ">
    <subfield code="a">DO-SdBNP</subfield>
    <subfield code="b">spa</subfield>
    <subfield code="c">BNPHU</subfield>
    <subfield code="e">rda</subfield>
  </datafield>
  <datafield tag="082" ind1=" " ind2=" ">
    <subfield code="a">RD861.44</subfield>
    <subfield code="b">F363r</subfield>
    <subfield code="2">22</subfield>
  </datafield>
  <datafield tag="100" ind1="1" ind2=" ">
    <subfield code="a">Fern&#xE1;ndez Spencer, Antonio,</subfield>
    <subfield code="d">1922-1995</subfield>
    <subfield code="9">22525</subfield>
  </datafield>
  <datafield tag="245" ind1="1" ind2="0">
    <subfield code="a">Reloj de arena /</subfield>
    <subfield code="c">Antonio Fernandez Spencer ; compilado por C&#xE1;ndido Ger&#xF3;n</subfield>
  </datafield>
  <datafield tag="264" ind1=" " ind2=" ">
    <subfield code="a">Santo Domingo :</subfield>
    <subfield code="b">Archivo General de la Naci&#xF3;n,</subfield>
    <subfield code="c">2022.</subfield>
  </datafield>
  <datafield tag="300" ind1=" " ind2=" ">
    <subfield code="a">494 paginas. ;</subfield>
    <subfield code="c">24 cm.</subfield>
  </datafield>
  <datafield tag="336" ind1=" " ind2=" ">
    <subfield code="2">rdacontent</subfield>
    <subfield code="a">texto</subfield>
    <subfield code="b">txt</subfield>
  </datafield>
  <datafield tag="337" ind1=" " ind2=" ">
    <subfield code="2">rdamedia</subfield>
    <subfield code="a">sin mediaci&#xF3;n</subfield>
    <subfield code="b">n</subfield>
  </datafield>
  <datafield tag="338" ind1=" " ind2=" ">
    <subfield code="2">rdacarrier</subfield>
    <subfield code="a">volumen</subfield>
    <subfield code="b">nc</subfield>
  </datafield>
  <datafield tag="490" ind1=" " ind2=" ">
    <subfield code="a">Archivo General de la Naci&#xF3;n</subfield>
    <subfield code="v">465</subfield>
  </datafield>
  <datafield tag="505" ind1=" " ind2=" ">
    <subfield code="a"> Recordando a Arthur Koestler, 11.-- Camino de la l&#xED;rica, 15.-- Schopenhauer y el genio de la especie (1944), 19.-- I, 19.-- II, 23.-- III, 31.-- Camilo Jos&#xE9; Cela : Premio Nobel de Literatura, 31.-- Magia y medicina (1953), 37.-- Mon&#xF3;logo de Hamlet en Santo Domingo (1960), 41.-- La filosof&#xED;a no es un g&#xE9;nero literario, 45.-- I (1946), 45.-- II (1944), 48.-- III, 52.-- Algo del saber filos&#xF3;fico hoy (1965), 57.-- Metaf&#xED;sica y literatura fant&#xE1;stica de Borges, 61.-- Cenizas de mi cigarro, 67.-- I (1944), 67.-- II, 71.-- La llama del humanismo (1980), 77.-- Ventana de la filosof&#xED;a (1944), 83.-- Antonio de Guevara : visi&#xF3;n de la guerra y la ciencia en el siglo XVI, 87.-- I (1947), 87.-- II (1974), 90.-- Poes&#xED;a, escritura y libertad del hombre (1948), 95.-- La vida, los malos libros y la muerte de Dios (1965), 105.-- I, 105.-- II,109.-- III, 111.-- Entender a los otros (1949), 119.-- La lucha del Nous y el mito (1949), 119.-- Tras las leyes de la imaginaci&#xF3;n (1943) 125.-- Hoy, en la cultura (1947), 129.-- En el espacio del mito (1949), 133.-- I, 133.-- II, 136.-- La endiablada cr&#xED;tica de Virginia Woolf (1954), 141.-- Vine a poner dificultades (1946), 145.-- Tiempo de novela (1958), 149.-- I, 149.-- II, 153.-- III, 156.-- IV, 159.-- V, 161.-- VI, 164.-- Plat&#xF3;n abandona el teatro (1946), 167.-- Mirada a la cr&#xED;tica (1662), 171.-- Dos sistemas humanos de se&#xF1;ales, 175.-- El lenguaje : creaci&#xF3;n del yo (1978), 179.-- I, 179.-- II, 181.-- III, 184.-- IV, 186.-- V, 189.-- Entrevista imaginaria, 193.-- XI, (la poes&#xED;a pol&#xED;tica), 222.-- Entrevista. Nueva serie, 229.-- Algunos pintores del siglo XVIII, 317.-- I, 317.-- II, 320.-- La relatividad de la perfecci&#xF3;n, 323.-- Los entendidos, 323.-- I, 323.-- II, 326.-- Los hijos de Rub&#xE9;n Dar&#xED;o y Vicente Huidobro, 331.-- Lo pastoril en la literatura y en la pintura, 335.-- Octavio Paz, vig&#xED;a de la modernidad po&#xE9;tica, 339.-- I, 339.-- II, 342.-- III, 344.-- IV, 347.-- V, 349.-- El amor del boh&#xED;o, 353.-- I, 353.-- II, 356.-- III, 358.-- IV, 362.-- El lenguaje y el ling&#xFC;ista, 367.-- Cr&#xED;tica literaria y error, 371.-- I, 371.-- II, 374.-- Ulloa, pintor cl&#xE1;sico de la modernidad, 379.-- Encuentro con Luzbel, 383.-- I, 383.-- II, 386.-- Carta a Lucio Anneo s&#xE9;neca, 391.-- La po&#xE9;tica de Horacio, 395.-- Vida y cr&#xED;tica literaria, 399.-- El siglo de la corrupci&#xF3;n, 403.-- I, 403.-- II, 406.-- III, 409.-- Dos teor&#xED;as sobre el ritmo en la prosa, 415.-- I, 415.-- II, 418.-- III; 421.-- A la puerta del mito (entrada de la novela Goe&#xED;za), 425.-- I, 425.-- II, 428.-- III, 431.-- IV, 435.-- Del doctor Johnson a Wordsworth, 439.-- I, 439.-- II, 442.-- III, 446.-- IV, 449.-- V, 453.-- Lo popular y lo culto en el lenguaje, 457.-- Causas hist&#xF3;ricas y sociales del episodio pol&#xED;tico en el hotel Mat&#xFA;m, 463.-- &#xCD;ndice onom&#xE1;stico, 477.</subfield>
  </datafield>
  <datafield tag="590" ind1=" " ind2=" ">
    <subfield code="a">inventariado, 2023 / DG</subfield>
  </datafield>
  <datafield tag="650" ind1=" " ind2="4">
    <subfield code="a">Poes&#xED;a dominicana</subfield>
    <subfield code="9">61716</subfield>
  </datafield>
  <datafield tag="650" ind1=" " ind2="4">
    <subfield code="a">Literatura dominicana</subfield>
  </datafield>
  <datafield tag="700" ind1="1" ind2=" ">
    <subfield code="a">Ger&#xF3;n, C&#xE1;ndido </subfield>
    <subfield code="e">Compilador</subfield>
    <subfield code="9">82130</subfield>
  </datafield>
  <datafield tag="830" ind1=" " ind2=" ">
    <subfield code="p">Archivo General de la Naci&#xF3;n</subfield>
  </datafield>
  <datafield tag="910" ind1=" " ind2=" ">
    <subfield code="a">DG</subfield>
  </datafield>
  <datafield tag="942" ind1=" " ind2=" ">
    <subfield code="2">ddc</subfield>
    <subfield code="c">LBS1</subfield>
  </datafield>
  <datafield tag="952" ind1=" " ind2=" ">
    <subfield code="0">0</subfield>
    <subfield code="1">0</subfield>
    <subfield code="2">ddc</subfield>
    <subfield code="5">1</subfield>
    <subfield code="7">0</subfield>
    <subfield code="8">PD</subfield>
    <subfield code="a">BNPHU</subfield>
    <subfield code="b">BNPHU</subfield>
    <subfield code="c">CT</subfield>
    <subfield code="d">2023-05-15</subfield>
    <subfield code="o">BNPHU PD RD861.44 F363r</subfield>
    <subfield code="p">2023-1815</subfield>
    <subfield code="r">2023-05-15</subfield>
    <subfield code="w">2023-05-15</subfield>
    <subfield code="y">LBS1</subfield>
  </datafield>
  <datafield tag="952" ind1=" " ind2=" ">
    <subfield code="0">0</subfield>
    <subfield code="1">0</subfield>
    <subfield code="2">ddc</subfield>
    <subfield code="5">1</subfield>
    <subfield code="7">0</subfield>
    <subfield code="8">PD</subfield>
    <subfield code="a">BNPHU</subfield>
    <subfield code="b">BNPHU</subfield>
    <subfield code="c">CT</subfield>
    <subfield code="d">2023-05-15</subfield>
    <subfield code="l">0</subfield>
    <subfield code="o">BNPHU PD RD861.44 F363r</subfield>
    <subfield code="p">2023-1816</subfield>
    <subfield code="r">2023-05-15</subfield>
    <subfield code="t">e.2</subfield>
    <subfield code="w">2023-05-15</subfield>
    <subfield code="y">LBS1</subfield>
  </datafield>
  <datafield tag="952" ind1=" " ind2=" ">
    <subfield code="0">0</subfield>
    <subfield code="1">0</subfield>
    <subfield code="2">ddc</subfield>
    <subfield code="5">6</subfield>
    <subfield code="7">0</subfield>
    <subfield code="8">DS</subfield>
    <subfield code="a">BNPHU</subfield>
    <subfield code="b">BNPHU</subfield>
    <subfield code="c">CT</subfield>
    <subfield code="d">2023-05-15</subfield>
    <subfield code="o">BNPHU DS RD861.44 F363r</subfield>
    <subfield code="p">2023-1817</subfield>
    <subfield code="r">2023-05-15</subfield>
    <subfield code="t">e.3</subfield>
    <subfield code="w">2023-05-15</subfield>
    <subfield code="y">LBS1</subfield>
  </datafield>
  <datafield tag="999" ind1=" " ind2=" ">
    <subfield code="c">53506</subfield>
    <subfield code="d">53506</subfield>
  </datafield>
</record>
